000 00259nam a2200085Ia 4500
245 0 _aChe Guevara : the making of a revolutionary
100 _a CROMPTON, Samuel Pleasantville, NY, 2009
_967220
942 _cBK
008 210817s9999 xx 000 0 und d
999 _c267958
_d267957